01312nam a2200241 i 4500003000900000005001700009007000300026008004100029020001900070040003000089041000800119082001900127245019900146264007100345300003400416336002700450337003400477338002800511520040400539650002200943700005100965700005401016DO-SdBNP20260525160325.0ta260525e2025 dr ||||gr|||||||| ||spa d a9789945297386. aDO-SdBNPbspacBNPHUerda aspa bP187a 2025222 aAntología poética de mis maestros : blos sonetos : 800 años de sonetos, un recorrido por su historia /ccompilador: Rafael A. Panamá Sanchéz. Luz María Abreu Lantigua (Prologuista). aSanto Domingo, República Dominicana : bAmigo del Hogar, c2025. a193 páginas ; c23 x 17 cm. atextobtxt2rdacontent asin mediación bn2rdamedia avolumenbnc2rdacarrier aUn recorrido de 800 años del Soneto. Desde sus inicios en el siglo XIII hasta la fecha. Sonetos de grandes autores, haciendo cita de su biografía de manera breve. Un libro bajo la estructura de la literatura clásica del endecasílabo en la cual se abordan los Metros Italianos de los primeros sonetos. Un libro que ayudará a entender diferentes tipos y usos de conjunción de la métrica. 0a Investigación  aPanamá Sánchez, Rafael Antonioecompilador aAbreu Lantigua, Luz María, d1954-eprologuista